| 000 | 00833nam a2200241 a 4500 | ||
|---|---|---|---|
| 005 | 20240919063726.0 | ||
| 008 | 021010s1996 mx r 000 0 spa d | ||
| 020 | _a9684442092 | ||
| 035 | _aUPN01000120073 | ||
| 049 | _aCG | ||
| 050 | 4 |
_aF1208 _bD4.5 1996 |
|
| 100 | 1 |
_aDelgado de Cantú, Gloria Margarita _940608 |
|
| 245 | 1 | 0 |
_aHistoria de México / _cGloria M. Delgado de Cantú. |
| 250 | _a3a ed. | ||
| 260 |
_aMéxico : _bAddison Wesley Longman : _bAlhambra Mexicana, _c1996. |
||
| 300 | _a2 v. | ||
| 500 | _aLa biblioteca tiene el v.2 | ||
| 505 | 8 |
_aContenido: _gv.1. _tEl proceso de gestación de un pueblo -- _gv.2. _tEstado moderno y crisis en el México del siglo XX |
|
| 651 | 4 |
_aMéxico _xHistoria _94558 |
|
| 651 | 4 |
_aMéxico _xCivilización _95406 |
|
| 651 | 4 |
_aMéxico _xHistoria _xCronología _97932 |
|
| 905 | _aLibro | ||
| 999 |
_c92420 _d92420 |
||